Ha Noi Who are you? : Things of beauty = Hà Nội, Bạn là ai? : Vật phẩm đẹp
Giới thiệu các nét đẹp từ sản phẩm thủ công và nghệ thuật của Việt Nam
Đã lưu trong:
| Tác giả chính: | |
|---|---|
| Định dạng: | Sách |
| Ngôn ngữ: | Undetermined |
| Được phát hành: |
Hà Nội
Nxb Hà Nội
2010
|
| Những chủ đề: | |
| Các nhãn: |
Thêm thẻ
Không có thẻ, Là người đầu tiên thẻ bản ghi này!
|
| Thư viện lưu trữ: | Trung tâm Học liệu Trường Đại học Cần Thơ |
|---|
| LEADER | 00972nam a2200229Ia 4500 | ||
|---|---|---|---|
| 001 | CTU_164585 | ||
| 008 | 210402s9999 xx 000 0 und d | ||
| 082 | |a 680.09597 | ||
| 082 | |b H566 | ||
| 100 | |a Hữu Ngọc | ||
| 245 | 0 | |a Ha Noi Who are you? : Things of beauty = | |
| 245 | 0 | |b Hà Nội, Bạn là ai? : Vật phẩm đẹp | |
| 245 | 0 | |c Hữu Ngọc (chủ biên) ; Lady Borton hợp tác | |
| 260 | |a Hà Nội | ||
| 260 | |b Nxb Hà Nội | ||
| 260 | |c 2010 | ||
| 520 | |a Giới thiệu các nét đẹp từ sản phẩm thủ công và nghệ thuật của Việt Nam | ||
| 650 | |a Villages,Handicraft,Làng,Đồ thủ công | ||
| 650 | |x Social life and customs,History,Phong tục và đời sống xã hội,Lịch sử | ||
| 650 | |z Vietnam,Hanoi,Vietnam,Hanoi,Việt Nam,Hà Nội,Việt Nam,Hà Nội | ||
| 904 | |i Năm | ||
| 980 | |a Trung tâm Học liệu Trường Đại học Cần Thơ | ||